000 00449nab a2200145Ia 4500
003 ES-SlBCS
005 20210601125242.0
008 140529s1980 xxu||||| |||| 00| 0 eng d
041 _aeng
100 1 _aHall, Richard B.
_9154215
245 0 0 _aDoes Antinaturalism Imply Relativism?
_c Richard B. Hall
650 0 4 _aAntinaturalismo
_9155902
773 0 _tPhilosophy and Phenomenological Research
_gvol. 41, 1980, págs. 225-227
_wRev1411
942 _cAR
999 _c527279
_d527279